Statistics for "-ology" A-Z quiz

Click here to take the quiz!

General Stats

  • This quiz has been taken 96 times
    (89 since last reset)
  • The average score is 11 of 26

Answer Stats

LetterHint-ology% Correct
CMedicine of the heart & heart disordersCardiology
98%
BThe study of life & living thingsBiology
96%
ZThe study of animalsZoology
94%
GThe study of the earth & the lithosphereGeology
90%
OThe study of cancer & tumorsOncology
83%
PThe study of the mind & its functionsPsychology
80%
MThe study of atmosphere, weather & weather patternsMeteorology
78%
UThe study of citiesUrbanology
74%
AThe study of human societies, cultures & their developmentAnthropology
72%
RThe study of the noseRhinology
60%
EThe study of words & their originsEtymology
55%
JThe study of a particular far-eastern countryJapanology
49%
IThe study of fishIchthyology
39%
YFlorida based frozen dairy franchiseYogurtology
28%
HThe study of living tissuesHistology
26%
DThe study of treesDendrology
24%
SThe study of the moonSelenology
20%
VThe study of flags & emblemsVexillology
18%
XThe study of wood & wood structureXylology
17%
QThe study of the use of the cinchona plant in medicineQuinology
16%
LThe study of butterflies & mothsLepidopterology
9%
FThe study of rivers & watercoursesFluviology
5%
KThe study of beauty & perceptions of beautyKalology
4%
NThe study of physical, logical, divine or human lawsNomology
2%
TThe science of propagation of plants & animals under domesticationThremmatology
1%
WThe study of PiciformesWoodpeckerology
1%

Score Distribution

Percentile by Number Answered

Percent of People with Each Score

Your Score History

You have not taken this quiz since the last reset